Обзор методов предотвращения накопления донных отложений в резервуарах; Проблемы геологии и освоения недр; Т. 2

Bibliografische gegevens
Parent link:Проблемы геологии и освоения недр=Problems of Geology and Subsurface Development: труды XXIV Международного симпозиума имени академика М. А. Усова студентов и молодых учёных, посвященного 75-летию Победы в Великой Отечественной войне, Томск, 6-10 апреля 2020 г./ Национальный исследовательский Томский политехнический университет, Инженерная школа природных ресурсов ; гл. ред. А. С. Боев ; под ред. Е. Ю. Пасечник.— , 2020
Т. 2.— 2020.— [С. 441-442]
Hoofdauteur: Баранов А. А.
Coauteur: Национальный исследовательский Томский политехнический университет Инженерная школа природных ресурсов Отделение нефтегазового дела
Andere auteurs: Зиякаев Г. Р. Григорий Ракитович (научный руководитель)
Samenvatting:Заглавие с экрана
В статье рассмотрены вопросы очистки вертикальных стальных резервуаров от высоковязких осадков и отложений. Представлены отечественные и зарубежные методы размыва донных отложений, отмечены их преимущества и недостатки.
Taal:Russisch
Gepubliceerd in: 2020
Reeks:Горное дело. Разработка рудных и нерудных полезных ископаемых. Машины и комплексы
Onderwerpen:
Online toegang:http://earchive.tpu.ru/handle/11683/62782
Formaat: Elektronisch Hoofdstuk
KOHA link:https://koha.lib.tpu.ru/cgi-bin/koha/opac-detail.pl?biblionumber=631650

MARC

LEADER 00000naa2a2200000 4500
001 631650
005 20231101133655.0
035 |a (RuTPU)RU\TPU\conf\33351 
035 |a RU\TPU\conf\33350 
090 |a 631650 
100 |a 20200911d2020 k y0rusy50 ca 
101 0 |a rus 
102 |a RU 
105 |a y z 100zy 
135 |a drcn ---uucaa 
181 0 |a i  
182 0 |a b 
200 1 |a Обзор методов предотвращения накопления донных отложений в резервуарах  |f А. А. Баранов  |g науч. рук. Г. Р. Зиякаев 
203 |a Текст  |c электронный 
225 1 |a Горное дело. Разработка рудных и нерудных полезных ископаемых. Машины и комплексы 
230 |a 1 компьютерный файл (pdf; 1 423 Kb) 
300 |a Заглавие с экрана 
320 |a [Библиогр.: с. 442 (4 назв.)] 
330 |a В статье рассмотрены вопросы очистки вертикальных стальных резервуаров от высоковязких осадков и отложений. Представлены отечественные и зарубежные методы размыва донных отложений, отмечены их преимущества и недостатки. 
461 1 |0 (RuTPU)RU\TPU\conf\32983  |t Проблемы геологии и освоения недр  |l Problems of Geology and Subsurface Development  |o труды XXIV Международного симпозиума имени академика М. А. Усова студентов и молодых учёных, посвященного 75-летию Победы в Великой Отечественной войне, Томск, 6-10 апреля 2020 г.  |o в 2 т.  |f Национальный исследовательский Томский политехнический университет, Инженерная школа природных ресурсов ; гл. ред. А. С. Боев ; под ред. Е. Ю. Пасечник  |d 2020 
463 1 |0 (RuTPU)RU\TPU\conf\32985  |t Т. 2  |v [С. 441-442]  |d 2020 
610 1 |a труды учёных ТПУ 
610 1 |a электронный ресурс 
610 1 |a обзоры 
610 1 |a предотвращение 
610 1 |a накопления 
610 1 |a донные отложения 
610 1 |a очистка 
610 1 |a стальные резервуары 
610 1 |a нефти 
610 1 |a размывы 
610 1 |a сопла 
700 1 |a Баранов  |b А. А. 
702 1 |a Зиякаев  |b Г. Р.  |c специалист в области машиностроения  |c доцент Томского политехнического университета, кандидат технических наук  |f 1975-  |g Григорий Ракитович  |2 stltpush  |4 727 
712 0 2 |a Национальный исследовательский Томский политехнический университет  |b Инженерная школа природных ресурсов  |b Отделение нефтегазового дела  |h 8084  |2 stltpush  |3 (RuTPU)RU\TPU\col\23546 
801 2 |a RU  |b 63413507  |c 20200925  |g RCR 
856 4 |u http://earchive.tpu.ru/handle/11683/62782 
942 |c BK